000 005100000a22001810004500
003 LK-CoMWRAF
005 20240113112025.0
008 230817t ||||| |||| 00| 0 eng d
040 _aLK-CoMWRAF
_dLK-CoMWRAF
_eLK-CoMWRAF
041 _aeng
082 _a305.42
_bTOW
245 _aTowards Beijing:
_ba perspective from the Indian Women's Movement
260 _aNew Delhi:
_bJoint Women's Programme
_c[1995?]
300 _a 97 p. ; 27 cm
650 _aFeminism- India
650 _aWomen- India
942 _cBK
999 _c2920
_d2920